Llwytho...

Euryhaline fishes

Manylion Llyfryddiaeth
Prif Awdur: McCormick, Stephen D, et al
Fformat: Printed Book
Cyhoeddwyd: Academic Publishers 2013
Cyfres:Fish Physiology. Vol. 32
Pynciau:
LEADER 00604nam a2200193 4500
020 |c $119.95 
082 |a R571.17 MCC-E 
100 |a McCormick, Stephen D, et al 
245 |a Euryhaline fishes 
250
260 |a Academic Publishers  |c 2013 
300 |a HB+559 
490 |a Fish Physiology. Vol. 32 
500
590 |a Modern Book Centre  |b MBC-1187/13 dtd7/10/2013  |c $119.95 
650 |a Fish physiology-- Physiology of fishes 
942 |c BK 
999 |c 98987  |d 98987 
952 |0 0  |1 0  |4 0  |6 R_571_170000000000000_MCCE  |7 0  |9 112455  |a AQU  |b AQU  |g 0.00  |l 0  |o R571.17 MCC-E  |p AQU05483  |r 2019-09-25  |w 2019-09-25  |y BK